000 01119nam a2200301 i 4500
003 EG-ScBUE
005 20260419100628.0
008 090625t2008 ne ab f b 001 0 eng d
020 _a9780444529411
040 _aEG-ScBUE
_beng
_erda
_cEG-ScBUE
_dEG-ScBUE
082 0 4 _a551.4150962
_bBES
_222
100 1 _aBesler, Helga,
_eauthor.
245 1 4 _aThe great sand sea in Egypt :
_bformation, dynamics and environmental change - a sediment-analytical approach /
_cby Helga Besler ; with contributions from A. Bolten [and three others]
250 _aFirst edition.
264 1 _aAmsterdam :
_bElsevier,
_c2008.
300 _axv, 250 pages :
_billustrations, maps ;
_c25 cm.
336 _2rdacontent
_atext
_btxt
337 _aunmediated
_2rdamedia
_bn
338 _avolume
_bnc
_2rdacarrier
490 0 _aDevelopments in sedimentology ;
_v 59
504 _aIncludes bibliographical references and index.
650 7 _96923
_aSand dunes
_zEgypt.
_2BUEsh
650 7 _96924
_aSedimentation analysis
_zEgypt.
_2BUEsh
651 _2BUEsh
655 _vReading book
700 1 _aBolten, A.,
_econtibutor.
942 _2ddc
_cBB
999 _c12031
_d12031